A szegediek többsége nem akar külföldre költözni

Elmentve itt :
Bibliográfiai részletek
Szerző: Tóth Marcell
Dokumentumtípus: Cikk
Megjelent: 2017-05-27
Sorozat:SzegedMa.hu
Kulcsszavak:Feleky Gábor, Bölcsészettudományi Kar, Szociológia Tanszék, Konferencia, YOUMIG, Meghívott előadó, Feleky Gábor
Online Access:http://univ.bibl.u-szeged.hu/46708
LEADER 00690nab a2200169 i 4500
001 univ46708
005 20180523111840.0
008 171214s2017 hu o 0|| zxx d
040 |a SZTE UnivHistória Repozitórium  |b hun 
041 |a zxx 
100 1 |a Tóth Marcell 
245 1 2 |a A szegediek többsége nem akar külföldre költözni  |h [elektronikus dokumentum] /  |c  Tóth Marcell 
260 |c 2017-05-27 
490 0 |a SzegedMa.hu 
561 |a Egyetemi hirarchívum 
695 |a Feleky Gábor, Bölcsészettudományi Kar, Szociológia Tanszék, Konferencia, YOUMIG, Meghívott előadó, Feleky Gábor 
856 4 0 |u http://univ.bibl.u-szeged.hu/46708/1/szegedma_2017_05_27_szegediek.pdf  |z Dokumentum-elérés